000 00532nam a22001817a 4500
005 20240920162200.0
008 240920b |||||||| |||| 00| 0 eng d
020 _a978-93-6180-354-3
041 _aeng
082 _a615.1
100 _aSRINIVASAN DR. R &SINGH, DR. AJAY PAL AND TILEKAR, DEVIKA K.
_98572
245 _aBIOCHEMISTRY AND CLINICAL PATHOLOGY [ D.PHARMA 2ND YEAR ]
250 _a2ND ED. 2024
260 _aLUCKNOW
_bTHAKUR PUBLICATION PVT LTD
300 _a216;P
650 _aPHARMACY
_xD.PHARMA
942 _cBK
999 _c8701
_d8699